Word Ladder: White Phrases Quiz Stats

 Plays Quiz Updated Jan 25, 2019

     
Support Sporcle.
Go Orange.
Score 0/38 Timer 06:00
0 Plays Today
Clue 4-Letter Word % Correct
Friend to dwarves in fairy tales
_____ White
SNOW
99.4%
Footwear for a cowboyBOOT
97.3%
Nasal mucusSNOT
96.8%
Sound of an explosionBOOM
95.6%
Black staining from burning carbonSOOT
94.8%
Three times threeNINE
94.4%
Meat from a pigPORK
92.9%
Horse or lion hairMANE
92.4%
Place where ore is excavatedMINE
92.1%
Tributary of Africa's longest river
White _____
NILE
90.8%
Part played by an actorROLE
90.7%
Symbol of surrender
White _____
FLAG
90.2%
Opening in the skinPORE
89.6%
Color representing the skeleton
_____ White
BONE
88.9%
Substance consumed for nutritionFOOD
88.9%
To take a fixed position, as in a photoPOSE
88.3%
To stir; to move; to make angryRILE
87.4%
Affection; curse; poison (or a Batman villain)BANE
86.8%
Link between atoms in a moleculeBOND
86.3%
Clue 4-Letter Word % Correct
To loan; to allow temporary useLEND
86.3%
Having a liking or affection forFOND
86%
Dry part of EarthLAND
85.4%
First name of actress Turner or singer Del ReyLANA
85.3%
Stereotypical male athleteJOCK
84.3%
To be without somethingLACK
82.5%
Guitarist and singer for The White Stripes
_____ White
JACK
82.5%
Non-violent resistance group during WWII
White _____
ROSE
82.3%
Pit formed as a scarPOCK
81.6%
2PbCO3·Pb(OH)2, formerly in paint
White _____
LEAD
81.4%
Coffee made with espresso and hot milk
_____ White
FLAT
78.9%
Rare accomplishment or achievementFEAT
77.8%
Closed clogged hair follicle in the skin
White_____
HEAD
76%
UFC frontman
_____ White
DANA
74.4%
Slender; thin; leanLANK
74.1%
Dark, damp, and humidDANK
73.9%
Song by Cream
White _____
ROOM
72%
'Made it ma! Top of the world!' movie
White _____
HEAT
69.2%
Cross; sculpture of crucifixionROOD
68.4%

Today's Daily Dose

Missing Word
Brands of Alcohol

Word Ladder
A Little Room?

Get the Picture
SpongeBob Rivalry

From the Vault

Hand-Drawn History VII

by ddavey1983

History 8m
We're still waiting for the first great internet hoax to cause a national panic.
Remove Ads.
Support Sporcle.
Get the best of Sporcle when you Go Orange. This ad-free experience offers more features, more stats, and more fun while also helping to support Sporcle. Thank you for becoming a member.

Show Comments

Extras

Top Quizzes Today


Score Distribution

Your Account Isn't Verified!

In order to create a playlist on Sporcle, you need to verify the email address you used during registration. Go to your Sporcle Settings to finish the process.

Report this User

Report this user for behavior that violates our Community Guidelines.

Details: